Flying Robotic System
Lietajúce servisné roboty majú vlastnosti bezpilotného systému vybaveného technologickým upgradom potrebným na výkon požadovaného pracovného zadania. S ich používaním súvisí vývoj a primárna aplikácia.
Gespeichert in:
| 1. Verfasser: | |
|---|---|
| Weitere Verfasser: | , |
| Format: | Buchkapitel |
| Sprache: | Englisch |
| Schlagworte: | |
| Tags: |
Keine Tags, Fügen Sie das erste Tag hinzu!
|
MARC
| LEADER | 00000naa a2200000 4500 | ||
|---|---|---|---|
| 001 | 0270341 | ||
| 005 | 20240502074233.1 | ||
| 041 | 0 | |a eng | |
| 044 | |a SK | ||
| 245 | 1 | 0 | |a Flying Robotic System |c Naqibullah Daneshjo, Peter Korba, Lucia Iľaščíková |
| 520 | |a Lietajúce servisné roboty majú vlastnosti bezpilotného systému vybaveného technologickým upgradom potrebným na výkon požadovaného pracovného zadania. S ich používaním súvisí vývoj a primárna aplikácia. | ||
| 610 | 2 | 0 | |a roboty |
| 610 | 2 | 0 | |a lokomotívy |
| 610 | 2 | 0 | |a priemysel strojársky |
| 610 | 2 | 0 | |a doprava |
| 100 | 1 | |a Daneshjo, Naqibullah, 1964- | |
| 700 | 1 | |a Korba, Peter | |
| 700 | 1 | |a Iľaščíková, Lucia | |